ბათუმის შოთა რუსთაველის სახელმწიფო უნივერსიტეტის ბიბლიოთეკა

Solar Electricity Handbook : A simple, practical guide to solar energy : (ბიბ.ჩანაწერი № 54307)

000 -LEADER
fixed length control field 00925nam a2200265Ia 4500
001 - CONTROL NUMBER
control field 21363
003 - CONTROL NUMBER IDENTIFIER
control field GE_BSU
005 - DATE AND TIME OF LATEST TRANSACTION
control field 20221108161328.0
008 - FIXED-LENGTH DATA ELEMENTS--GENERAL INFORMATION
fixed length control field 181216s2017||||enk|||||||||||||| ||eng||
020 ## - INTERNATIONAL STANDARD BOOK NUMBER
International Standard Book Number 9781907670657x
040 ## - CATALOGING SOURCE
Transcribing agency GE_BSU
041 ## - LANGUAGE CODE
Language code of text/sound track or separate title eng
080 ## - UNIVERSAL DECIMAL CLASSIFICATION NUMBER
Universal Decimal Classification number 621.31 B-69
100 ## - MAIN ENTRY--PERSONAL NAME
Personal name Boxwell, Michael
9 (RLIN) 12766
245 ## - TITLE STATEMENT
Title Solar Electricity Handbook : A simple, practical guide to solar energy :
Remainder of title how to design and install photovoltaic solar electric system /
Statement of responsibility, etc. Michael Boxwell.
264 ## - PRODUCTION, PUBLICATION, DISTRIBUTION, MANUFACTURE, AND COPYRIGHT NOTICE
Place of production, publication, distribution, manufacture Birminngham :
Name of producer, publisher, distributor, manufacturer Greenstream Publishing,
Date of production, publication, distribution, manufacture, or copyright notice 2017.
300 ## - PHYSICAL DESCRIPTION
Extent 174 p. :
Other physical details ill. ;
Dimensions 28 cm.
653 ## - INDEX TERM--UNCONTROLLED
keyword Solar Electricity Handbook
653 ## - INDEX TERM--UNCONTROLLED
keyword A simple, practical guide to solar energy
653 ## - INDEX TERM--UNCONTROLLED
keyword how to design and install photovoltaic solar electric system
653 ## - INDEX TERM--UNCONTROLLED
keyword Электротехника
653 ## - INDEX TERM--UNCONTROLLED
keyword ელექტროტექნიკა
942 ## - ADDED ENTRY ELEMENTS (KOHA)
Koha item type წიგნი
Source of classification or shelving scheme
ეგზემპლარები
Withdrawn status Lost status Source of classification or shelving scheme Damaged status Not for loan Permanent Location Current Location Shelving location Date acquired Cost, normal purchase price Full call number Barcode Date last seen Copy number Price effective from Koha item type Public note
          ბათუმის შოთა რუსთაველის სახელმწიფო უნივერსიტეტის მთავარი ბიბლიოთეკა ბათუმის შოთა რუსთაველის სახელმწიფო უნივერსიტეტის მთავარი ბიბლიოთეკა წიგნსაცავი 2018-12-17 84.00 621.31 B-69 55291 2018-12-17 55291 2018-12-17 წიგნი 84.00 GEL.